[Event "GER-chT U10"]
[Site "Magdeburg"]
[Date "2016.12.29"]
[Round "7.4"]
[White "Lerchl, Justus"]
[Black "Neumann, Jasper"]
[Result "0-1"]
[WhiteElo "951"]
[BlackElo "1011"]
[PlyCount "74"]
[EventDate "2016.12.27"]
[EventType "team-swiss"]
[EventRounds "7"]
[EventCountry "GER"]
[SourceTitle "EXT 2018"]
[Source "ChessBase"]
[SourceDate "2017.10.13"]
[SourceVersion "1"]
[SourceVersionDate "2017.10.13"]
[SourceQuality "1"]
[WhiteTeam "Vaterstetten"]
[BlackTeam "Friedrichsfelde Borussia"]
[WhiteTeamCountry "GER"]
[BlackTeamCountry "GER"]

1. e4 e5 2. d4 d6 3. dxe5 dxe5 4. Qxd8+ Kxd8 5. Nf3 f6 6. Bc4 Nc6 7. 0-0 Bg4 8. Be3 Bb4 9. c3 Ba5 10. b4 Bb6 11. Bxb6 axb6 12. Nbd2 Nge7 13. Rfd1 Ke8 14. Re1 Ng6 15. b5 Na5 16. Bd3 c6 17. Nb1 Rd8 18. Bf1 Nf4 19. g3 Ng6 20. a4 Bxf3 21. Nd2 Rxd2 22. Rac1 Nb3 23. Rb1 Nc5 24. Ra1 Nxe4 25. Bg2 Rxf2 26. Bxf3 Rxf3 27. Rxe4 Kf7 28. Rc4 Rc8 29. Rd1 Rc7 30. Rd8 Ne7 31. Rd1 Nd5 32. Rc1 Ne3 33. Re1 Nxc4 34. Re4 Nd6 35. Re1 cxb5 36. Rd1 Ne4 37. Re1 Ng5 0-1

[Event "GER-chT U10"]
[Site "Magdeburg"]
[Date "2016.12.28"]
[Round "3.4"]
[White "Neumann, Jasper"]
[Black "Deiters, Clemenz"]
[Result "1/2-1/2"]
[WhiteElo "1011"]
[BlackElo "1091"]
[PlyCount "126"]
[EventDate "2016.12.27"]
[EventType "team-swiss"]
[EventRounds "7"]
[EventCountry "GER"]
[SourceTitle "EXT 2018"]
[Source "ChessBase"]
[SourceDate "2017.10.13"]
[SourceVersion "1"]
[SourceVersionDate "2017.10.13"]
[SourceQuality "1"]
[WhiteTeam "Friedrichsfelde Borussia"]
[BlackTeam "Plauen Koenig"]
[WhiteTeamCountry "GER"]
[BlackTeamCountry "GER"]

1. d4 d5 2. c4 c6 3. Nf3 Bf5 4. g3 e6 5. Bg2 Nf6 6. Bg5 Nbd7 7. 0-0 Bd6 8. c5 Be7 9. Nc3 0-0 10. h3 b6 11. b4 Qc7 12. Bf4 Qd8 13. Qd2 Re8 14. Ne5 Nxe5 15. Bxe5 Qd7 16. Rfe1 Ne4 17. Nxe4 dxe4 18. Qf4 f6 19. Bd6 Bxd6 20. cxd6 Rad8 21. Bxe4 Bxe4 22. Qxe4 Qxd6 23. Rad1 Qd5 24. Qxd5 cxd5 25. Rc1 e5 26. Red1 Rc8 27. e3 e4 28. Kg2 Kf7 29. g4 g6 30. Kg3 f5 31. Kf4 Kf6 32. g5+ Ke6 33. a4 Rc4 34. Rb1 Rc2 35. f3 Rh2 36. Rh1 Rxh1 37. Rxh1 Rc8 38. h4 Rc4 39. Rb1 a5 40. bxa5 bxa5 41. Ra1 Rc8 42. Rb1 Rh8 43. Rb6+ Kd7 44. Ke5 exf3 45. Rb2 h6 46. Rf2 hxg5 47. hxg5 Kc6 48. Rxf3 Rh5 49. Rg3 Kd7 50. Kf6 Ke8 51. Kxg6 Rh8 52. Kxf5 Kf7 53. g6+ Kg7 54. e4 dxe4 55. Kxe4 Rh6 56. Kf5 Rh4 57. d5 Rxa4 58. d6 Rd4 59. Ra3 a4 60. d7 Rxd7 61. Rxa4 Rd6 62. Rg4 Rd5+ 63. Ke6 Ra5 1/2-1/2